000 00808nam a22001817a 4500
005 20120403123657.0
020 _c350.00
_a8174873902
035 _aB-187170
037 _b
_adpl
082 _a330.12
100 _aचावला, चन्द्रकान्ता
_944693
245 1 _aआर्थिक प्रणालियाँ /
_cचन्द्रकान्ता चावला
260 _aनई दिल्ली
_bराधा पब्लिकेशन्स
_c2005
270 _a
_b
_e
_k
300 _a183पृ.
_c22सेमी (सजिल्द)
942 _adpl
_cHN
_k
_2ddc
_h330.12
_mचावला
999 _c64622
_d64622